00653nam a2200217Ia 450000500170000000800410001702000100005804000190006804100120008708200160009910000200011524500900013525000380022526000330026330000280029650400360032465000140036065100270037470000240040185000100042520240203110859.0131103s9999 xx 000 0 und d cRs.32 aLoreto College aEnglish a370.15bDEC aDececco,John P. 4aThe Psychology of Learning and Instruction, cJohn P.Dececco and William R.Crawford a2nd ed.b educational psychology  aDelhibPrentice - Hallc1974 axviii,604p.b ill.,fig. aIncludes bibliography and index aEducation aEducational Psychology aCrawford,William R. aLCLIB